000 00467nam a22001697a 4500
005 20251108164643.0
008 250721s1994 xx 000 0 ara d
082 1 4 _a735/ريد
100 1 _aريد، هربرت
245 1 0 _aالنحت الحديث :
_bتاريخ موجز /
264 1 _aعمان :
_bدار الفارس،
_c1994.
300 _a259ص
650 1 7 _aالنحت
700 1 _aخليل، فخري
_eترجمة
942 _2ddc
_cBK
999 _c11007
_d11007